National Flags With Highest Percentage Of Each Colour - Statistics

General Stats
  • This quiz has been taken 33 times
  • The average score is 5 of 11
Answer Stats
Hint Answer % Correct
Red 97% China
96%
Purple 0.3% Dominica
56%
Pink 0.1 Spain
56%
Yellow 53% Brunei
52%
White 87% Cyprus
52%
Green 93% Saudi Arabia
52%
Orange 39% Bhutan
44%
Black 48% Libya
44%
Blue 97% Micronesia
44%
Grey 2% Vatican City
28%
Brown 6% Andorra
20%
No matching quizzes found
Score Distribution
Percent of People with Each Score
Percentile by Number Answered
Your Score History
You have not taken this quiz